000 00847nas a2200265 4500
001 BR0200869
003 BR-BrBNA
005 20231205102733.0
007 ta
008 230509b bl.|||p| |||| 00| 00por d
040 _aBR-BrBNA
_bpor
_cBiblioteca Nacional de Agricultura
041 _a(Pt)
072 _aJ11
100 1 _aBrackmann, A.
100 1 _aSteffens, C.A.
100 1 _aHunsche, M.
245 1 _aInfluência da instalação das condições de atmosfera controlada e concentração de etileno sobre a qualidade da maçã "Gala"
650 _aMaçã
650 _aArmazenamento
650 _aQualidade
650 _aDistúrbio Fisiológico
773 0 _tRevista Brasileira de Armazenamento (Brazil)
_xISSN 0100-3518
_g(2000), v. 25(1) p. 22-27
_wBR0200869
909 _a202311
_bLúcia
_c55
_dLúcia Elande
942 _2AGRIS
_n0
_cANA
999 _c169066
_d169066